Normal view
MARC view
Entry Nome pessoal
001 - NÚMERO DE CONTROLE
- campo de controle: 465
003 - IDENTIFICADOR DO NÚMERO DE CONTROLE
- campo de controle: Br
005 - DATA E HORÁRIO DA ÚLTIMA TRANSAÇÃO
- campo de controle: 20250220151618.0
008 - CAMPO DE DADOS FIXOS
- campo de controle de tamanho fixo: 100070|| acnnnaab| aaaa d
035 ## - NÚMERO DE CONTROLE DO SISTEMA
- Número de Controle do Sistema: 100070423253337E50
040 ## - FONTE DA CATALOGAÇÃO
- Instituição da catalogação original: Br
- Instituição que transcreveu o registro: Br
100 1# - CABEÇALHO--NOME PESSOAL
- Nome pessoal: Boccaccio, Giovanni,
- Datas associadas ao nome: 1313-1375
670 ## - FONTE POSITIVA DOS DADOS
- Citação da fonte positiva dos dados: Sec. de: Os mais belos contos galantes... [1944]
670 ## - FONTE POSITIVA DOS DADOS
- Citação da fonte positiva dos dados: LC on line 9/4/98
- Dados encontrados na fonte localizada no subcampo: (d.n.)
670 ## - FONTE POSITIVA DOS DADOS
- Citação da fonte positiva dos dados: CA-FGV
670 ## - FONTE POSITIVA DOS DADOS
- Citação da fonte positiva dos dados: LC authority 26/3/3
- Dados encontrados na fonte localizada no subcampo: (D.)
670 ## - FONTE POSITIVA DOS DADOS
- Citação da fonte positiva dos dados: Delta, v.2, p.941
- Dados encontrados na fonte localizada no subcampo: (escritor italiano; D.)